| 000 | 00536nam a2200205Ia 4500 | ||
|---|---|---|---|
| 008 | 170918s9999 xx 000 0 und d | ||
| 020 | _a9780545071468 | ||
| 050 | _bA237 2006 | ||
| 100 | _aAdler, David A. | ||
| 245 | _aYoung Cam Jansen and the spotted cat mystery / | ||
| 245 | _cDavid A. Adler ; illustrated by Susanna Natti. | ||
| 260 | _aNew York : | ||
| 260 | _bScholastic, | ||
| 260 | _c2006 | ||
| 300 | _a31 pages : | ||
| 300 | _bcolored illustration ; | ||
| 300 | _c23cm. | ||
| 440 | _aCam Jansen. | ||
| 500 | _a450 | ||
| 999 |
_c342670 _d342670 |
||